<?xml version="1.0" encoding="UTF-8"?>
<collection xmlns="http://www.loc.gov/MARC21/slim">
 <record>
  <leader>01285nam a22002051  4500</leader>
  <controlfield tag="001">1/19233</controlfield>
  <controlfield tag="008">020528s1995    gr            000 0 gre d</controlfield>
  <datafield tag="035" ind1=" " ind2=" ">
   <subfield code="l">19798</subfield>
  </datafield>
  <datafield tag="040" ind1=" " ind2=" ">
   <subfield code="a">GR-PeUP</subfield>
  </datafield>
  <datafield tag="082" ind1="0" ind2="0">
   <subfield code="a">371.334 ΠΡ</subfield>
  </datafield>
  <datafield tag="111" ind1="2" ind2=" ">
   <subfield code="a">Πρακτικά συνέδριου</subfield>
   <subfield code="n">(2001</subfield>
   <subfield code="c">Ρόδος, Πανεπιστήμιο Αιγαίου)</subfield>
  </datafield>
  <datafield tag="245" ind1="1" ind2="2">
   <subfield code="a">Η πληροφορική στην εκπαίδευση :</subfield>
   <subfield code="b">τεχνικές, εφαρμογές, κατάρτιση εκπαιδευτικών. Πρακτικά συνεδρίου (Ρόδος, 14-15 Δεκεμβρίου 2001) /</subfield>
   <subfield code="c">Πανεπιστήμιο Αιγαίου. Τμήμα Ελληνικών και Μεσογειακών Σπουδών. Τμήμα Δημοτικής Εκπαίδευσης</subfield>
  </datafield>
  <datafield tag="260" ind1=" " ind2=" ">
   <subfield code="a">Ρόδος :</subfield>
   <subfield code="b">Πανεπιστήμιο Αιγαίου,</subfield>
   <subfield code="c">2001</subfield>
  </datafield>
  <datafield tag="300" ind1=" " ind2=" ">
   <subfield code="a">416 σ. :</subfield>
   <subfield code="c">2001</subfield>
  </datafield>
  <datafield tag="650" ind1=" " ind2="4">
   <subfield code="a">Εκπαίδευση</subfield>
   <subfield code="x">Πληροφορική.</subfield>
  </datafield>
  <datafield tag="650" ind1=" " ind2="4">
   <subfield code="a">Πληροφορική.</subfield>
  </datafield>
  <datafield tag="700" ind1="1" ind2=" ">
   <subfield code="a">Τσολακίδης, Κώστας,</subfield>
   <subfield code="e">επιμ.</subfield>
  </datafield>
  <datafield tag="710" ind1="2" ind2=" ">
   <subfield code="a">Πανεπιστήμιο Αιγαίου.</subfield>
  </datafield>
  <datafield tag="852" ind1=" " ind2=" ">
   <subfield code="a">INST</subfield>
   <subfield code="b">UNIPILB</subfield>
   <subfield code="c">MAIN</subfield>
   <subfield code="e">20040709</subfield>
   <subfield code="h">371.334 ΠΡ</subfield>
   <subfield code="p">00140577</subfield>
   <subfield code="q">00140577</subfield>
   <subfield code="t">LOAN</subfield>
   <subfield code="y">0</subfield>
   <subfield code="4">2</subfield>
  </datafield>
  <datafield tag="852" ind1=" " ind2=" ">
   <subfield code="a">INST</subfield>
   <subfield code="b">UNIPILB</subfield>
   <subfield code="c">MAIN</subfield>
   <subfield code="e">20040709</subfield>
   <subfield code="h">371.334 ΠΡ</subfield>
   <subfield code="p">00140578</subfield>
   <subfield code="q">00140578</subfield>
   <subfield code="t">LOAN</subfield>
   <subfield code="y">0</subfield>
   <subfield code="4">1</subfield>
  </datafield>
 </record>
</collection>
